[Event "Angers op 5th"]
[Site "Angers"]
[Date "2010.04.24"]
[Round "4"]
[White "Roche, Jean Francois"]
[Black "Meunier, Thomas"]
[Result "1/2-1/2"]
[WhiteElo "1560"]
[BlackElo "1699"]
[PlyCount "57"]
[EventDate "2010.04.23"]
[EventType "swiss"]
[EventRounds "6"]
[EventCountry "FRA"]
[SourceTitle "EXT 2011"]
[Source "ChessBase"]
[SourceDate "2010.11.26"]
[SourceVersion "1"]
[SourceVersionDate "2010.11.26"]
[SourceQuality "1"]

1. b3 Nc6 2. Bb2 e5 3. e3 d5 4. Bb5 f6 5. Bxc6+ bxc6 6. Ne2 Bd6 7. c4 Ne7 8. Nbc3 Be6 9. Qc2 dxc4 10. bxc4 Bxc4 11. Ne4 Bxe2 12. Nxd6+ cxd6 13. Kxe2 0-0 14. h4 Qd7 15. Rag1 d5 16. Ba3 Rfe8 17. g4 d4 18. Qc4+ Kh8 19. g5 Nd5 20. gxf6 Nxf6 21. h5 Qf5 22. Qf7 d3+ 23. Kd1 Qd7 24. Rxg7 Qxf7 25. Rxf7 Ne4 26. Rg1 Rg8 27. Rxg8+ Rxg8 28. Kc1 c5 29. Rf5 1/2-1/2

[Event "Gorges op 15th"]
[Site "Gorges"]
[Date "2005.07.??"]
[Round "1"]
[White "Gerard, Nicolas"]
[Black "Roche, Jean Francois"]
[Result "1-0"]
[WhiteElo "2295"]
[BlackElo "1710"]
[PlyCount "71"]
[EventDate "2005.07.??"]
[EventType "swiss"]
[EventRounds "7"]
[EventCountry "FRA"]
[SourceTitle "EXT 2006"]
[Source "ChessBase"]
[SourceDate "2005.11.24"]
[SourceVersion "1"]
[SourceVersionDate "2005.11.24"]
[SourceQuality "1"]

1. d4 d6 2. e4 g6 3. c4 Bg7 4. Nc3 Nf6 5. f4 0-0 6. Nf3 Bg4 7. Be2 c5 8. d5 Nbd7 9. 0-0 Nb6 10. Qb3 Qc7 11. a4 a6 12. h3 Bxf3 13. Bxf3 Nbd7 14. Be3 e6 15. Rad1 exd5 16. cxd5 Rfe8 17. Bf2 Re7 18. e5 Ne8 19. Ne4 f5 20. Nd2 Rb8 21. Bh4 Nxe5 22. fxe5 Rxe5 23. Nc4 Kh8 24. Qd3 b5 25. Nxe5 Bxe5 26. Be1 c4 27. Qc2 b4 28. b3 c3 29. Bf2 Nf6 30. Kh1 Nd7 31. Rfe1 Nb6 32. Bd4 Nxa4 33. Bxe5+ dxe5 34. d6 Qc5 35. d7 Rd8 36. bxa4 1-0

[Event "Gorges op 14th"]
[Site "Gorges"]
[Date "2004.07.08"]
[Round "6"]
[White "Roche, Jean Francois"]
[Black "Peixoto, Victor"]
[Result "1-0"]
[WhiteElo "1470"]
[BlackElo "1510"]
[PlyCount "70"]
[EventDate "2004.07.08"]
[EventType "swiss"]
[EventRounds "7"]
[EventCountry "FRA"]
[SourceTitle "EXT 2005"]
[Source "ChessBase"]
[SourceDate "2004.11.15"]
[SourceVersion "1"]
[SourceVersionDate "2004.11.15"]
[SourceQuality "1"]

1. b3 Nf6 2. Bb2 Nc6 3. f4 e6 4. e3 d6 5. Nf3 b6 6. Bb5 Bb7 7. 0-0 a6 8. Be2 Be7 9. c4 0-0 10. Nc3 Qd7 11. Qc2 h6 12. Bd3 Nb4 13. Qb1 Nxd3 14. Qxd3 c5 15. Qe2 Nh7 16. e4 f6 17. Nh4 Qe8 18. Qg4 f5 19. exf5 Bxh4 20. Qxh4 Rxf5 21. Ne2 Qg6 22. Ng3 Nf6 23. Bxf6 gxf6 24. Rf2 Kf7 25. Nxf5 Qxf5 26. Re1 Rg8 27. h3 Qd3 28. Qh5+ Qg6 29. Qxg6+ Rxg6 30. Rfe2 e5 31. fxe5 dxe5 32. Rf2 Ke6 33. Ref1 f5 34. Kh2 f4 35. h4 Rg3 1-0